000 00642nam a22002297a 4500
003 BUBTL
008 221121b ||||| |||| 00| 0 eng d
020 _a9780140446517
082 _a808.2/ Ar46p/ 1965
100 _94954
_aAristotle
245 _aPoetics/
_cAristotle
250 _a1st Edn.
260 _aEngland:
_bPenguin Books,
_cc1965
300 _a74 p.:
_c17 cm
440 _94215
_aPenguin Classics
505 _aPoetics, Aristotle, English
650 0 _91994
_aEnglish Literature
700 _95053
_aDorsch, T. S.
856 _k0
_l0
_yDownload
942 _2ddc
_cBK
999 _c6867
_d6867